000 00618nam a2200229Ia 4500
003 OSt
005 20220926013547.0
006 a|||||r|||| 00| 0
007 ta
008 220923b |||||||| |||| 00| 0 eng d
037 _cGeneral Book
040 _aRTL
_cRTL
_beng
041 _2eng
_aeng
082 _aX:8:(B), L9;M9
100 _aMARKLAND Robert E.
_9318565
245 0 _aTopics in management science.
250 _a3
260 _aNew York
_bJohn Weley & Sons
_c1983
300 _axxv,847p.
_ccm.
942 _hX:8:(B), L9;M9
_cGB
_2CC
999 _c626244
_d626244